Falkland Islands City Quiz - Statistics

General Stats
  • This quiz has been taken 44 times
  • The average score is 3 of 6
Answer Stats
City % Correct
Goose Green
74%
Port Howard
56%
Fox Bay
48%
North Arm
41%
Mount Pleasant
33%
Staley
22%
No matching quizzes found
Score Distribution
Percent of People with Each Score
Percentile by Number Answered
Your Score History
You have not taken this quiz